CSR není filantropie
Koncept sociálnej (spoločenskej) zodpovednosti firmy často zamieňaný s filantropiou a sponzoringom. Výsledky prieskumu, ktorý sledoval mieru presadzovania CSR (corporate social responsibility) v českých firmách. Najčastejšie dôvody pre spoločensky zodpovedné chovanie. Výhody CSR pre firmu.
Salvato in:
| Natura: | Capitolo di libro |
|---|---|
| Lingua: | ceco |
| Soggetti: | |
| Tags: |
Nessun Tag, puoi essere il primo ad aggiungerne!!
|
MARC
| LEADER | 00000naa$a2200000$$$4500 | ||
|---|---|---|---|
| 001 | 0052333 | ||
| 005 | 20231018130503.1 | ||
| 041 | 0 | |a cze | |
| 044 | |a CZ | ||
| 245 | 1 | 0 | |a CSR není filantropie |
| 520 | |a Koncept sociálnej (spoločenskej) zodpovednosti firmy často zamieňaný s filantropiou a sponzoringom. Výsledky prieskumu, ktorý sledoval mieru presadzovania CSR (corporate social responsibility) v českých firmách. Najčastejšie dôvody pre spoločensky zodpovedné chovanie. Výhody CSR pre firmu. | ||
| 610 | 2 | 0 | |a firmy |
| 610 | 2 | 0 | |a zodpovednosť spoločenská |
| 610 | 2 | 0 | |a vzťahy medziľudské |
| 610 | 2 | 0 | |a vzťahy pracovné |
| 610 | 2 | 0 | |a partneri obchodní |
| 610 | 2 | 0 | |a sponzorovanie |
| 610 | 2 | 0 | |a etika |
| 610 | 2 | 0 | |a morálka |
| 610 | 2 | 0 | |a zamestnanci |
| 610 | 2 | 0 | |a zákazníci |